| 000 | 00581cam a22001817a 4500 | ||
|---|---|---|---|
| 008 | 180718b2013 xxu||||| |||| 00| 0 eng d | ||
| 020 | _a9781846684302 | ||
| 082 | _aT1 Ac34 | ||
| 100 | _aAcemoglu, Daron | ||
| 245 |
_aWhy Nations fail : the origins of power , prosperity, and poverty _cby Daron Acemoglu and James A. Robinson |
||
| 260 |
_aLondon _bProfile Books _c2013 |
||
| 300 | _a529p. | ||
| 650 | _aFailed states | ||
| 650 | _aEconomic history -- 1945- | ||
| 650 | _aEconomic anthropology | ||
| 650 | _aInstitutional economics | ||
| 650 | _aEconomics -- Political aspects | ||
| 999 |
_c444649 _d444649 |
||